Т. 7: История Петра; Полное собрание сочинений

Podrobná bibliografie
Parent link:Полное собрание сочинений: в 9 т./ А. С. Пушкин; общая ред. Д. Д. Благого и С. М. Петрова ; оформление худож. Н. В. Ильина. Т. 7: История Петра.— , 1954
Další autoři: Петров С. М. (автор предисловия)
Shrnutí:На обл. загл. не указано
Была издана в суперобложке
Jazyk:ruština
Vydáno: 1954
Témata:
Médium: MixedMaterials Kniha
KOHA link:https://koha.lib.tpu.ru/cgi-bin/koha/opac-detail.pl?biblionumber=272890

MARC

LEADER 00000nam2a2200000 4500
001 272890
005 20231101234558.0
035 |a (RuTPU)RU\TPU\book\296099 
035 |a RU\TPU\book\296098 
090 |a 272890 
100 |a 20141022d1954 m y0rusy50 ca 
101 0 |a rus 
102 |a RU 
105 |a ac z 001zy 
200 0 |a Т. 7: История Петра  |f примеч. С. М. Петрова 
210 |d 1954 
215 |a 310 с., [2] вкл. л.  |c ил., портр. 
300 |a На обл. загл. не указано 
300 |a Была издана в суперобложке 
316 |5 63413507: 971941  |a На титульном листе владельческая подпись: "Бутаков" 
317 |5 63413507: 971941  |a Поступила в НТБ в 1970 г. в составе книжного собрания профессора ТПИ И. Н. Бутакова 
320 |a Примечания: с. 273-276 
320 |a Перечень иллюстраций: с. 276 
320 |a Алфавитный указатель произведений А. С. Пушкина в I-VII томах: с. 277-310 
461 1 |0 (RuTPU)RU\TPU\book\296067  |t Полное собрание сочинений  |o в 9 т.  |f А. С. Пушкин  |g общая ред. Д. Д. Благого и С. М. Петрова ; оформление худож. Н. В. Ильина  |v Т. 7: История Петра  |d 1954  |s Библиотека "Огонёк" 
606 1 |a Русская литература, дореволюционная  |2 stltpush  |3 (RuTPU)RU\TPU\subj\26371  |9 50314 
610 1 |a 19 век 
610 1 |a библиотека И. Н. Бутакова 
610 1 |a владельческая надпись 
675 |a Р1  |v 3 
702 1 |a Петров  |b С. М.  |4 080 
801 1 |a RU  |b 63413507  |c 20141022 
801 2 |a RU  |b 63413507  |c 20191001  |g RCR 
942 |c BK